000 00250nam a22001217a 4500
020 _a0-7214-2198-9
082 _a823
_bDIS/D
100 _aDIS/D
245 _aDINOSAUR
260 _aLONDON
_bLADY BIRD
650 _aENGLISH SHORT STORY
_zUK
942 _cBK
999 _c1868
_d1868